00764pab a2200169 454500008004000000100002200040245003400062260000900096300001600105362001100121520031200132650004300444650004400487650001100531700001800542773003400560180718b2002 xxu||||| |||| 00| 0 eng d aDavid, G. Shourie aBt Cotton: farmers' reactions c2002 ap.4601-602. a16 Nov aA field study in Andhra Pradesh elicited the views of farmers in two districts in the state on the efficacy of Bt cotton in withstanding pest attacks, use of pesticides, compliance with government norms, and farmers' willingness to continue with cultivation of Bt cotton in the coming seasons. - Reproduced. aBiotechnology - India - Andhra Pradesh aCotton picking - India - Andhra Pradesh aCotton aSai, Y.V.S.T. aEconomic and Political Weekly